000 00484nam a2200205 i 4500
001 bg
245 0 _aThe International who's who 2001.
250 _a64th ed.
260 _aLondon :
_bEuropa Publ.,
_c2001.
300 _aXXIII, 1729 s. ;
_c28 cm.
650 9 _aBiografie
655 _aEncyklopedie
020 _a1857430816
040 _cBPK
041 0 _aen
080 _a929-052(03)
920 _a1-85743-081-6
942 _cKS
008 s pl f |000 0 pol
999 _c42229
_d42229